Statistics for Words that Describe Every Country in Europe - ChatGPT

Click here to take the quiz!

General Stats

  • This quiz has been taken 48 times
  • The average score is 26 of 45

Answer Stats

WordsAnswer% Correct
Pizza and pastaItaly
100%
Tea and monarchyUnited Kingdom
100%
Flamenco and siestaSpain
93%
Ancient history and islandsGreece
88%
Count Dracula and folkloreRomania
88%
Chernobyl and borschtUkraine
85%
Leprechauns and pubsIreland
83%
Luxury and casinosMonaco
83%
Vodka and matryoshka dollsRussia
83%
Fjords and northern lightsNorway
80%
Abba and IkeaSweden
78%
Mediterranean island lifeMalta
75%
Tulips and windmillsNetherlands
75%
Alps and watchesSwitzerland
75%
Volcanoes and hot springsIceland
73%
MicrostateSan Marino
73%
Papal influenceVatican City
73%
Classical MusicAustria
68%
Chocolate and BeerBelgium
68%
Balkan music and hospitalitySerbia
68%
Soviet InfluenceBelarus
65%
Saunas and LakesFinland
65%
Fashion and wineFrance
65%
Efficiency and engineeringGermany
65%
Port wine and explorersPortugal
58%
Beer and castlesCzech Republic
53%
Post-conflict and
Independence
Kosovo
50%
Adriatic coastlineMontenegro
48%
Beautiful coastlinesCroatia
45%
Goulash and thermal bathsHungary
45%
Pierogi and historyPoland
45%
War-tornBosnia and Herzegovina
38%
Hygge (coziness)Denmark
38%
E-governanceEstonia
35%
Wealthy tax havenLiechtenstein
33%
Balkan hospitalityNorth Macedonia
33%
Alpine landscapesSlovenia
33%
Forests and amberLatvia
30%
Banking hubLuxembourg
30%
Rose oilBulgaria
28%
Potato dishesLithuania
28%
SkiingAndorra
25%
Wine productionMoldova
25%
Traditional villagesSlovakia
20%
HospitalityAlbania
13%

Score Distribution

Percentile by Number Answered

Percent of People with Each Score

Your Score History

You have not taken this quiz